| 000 | 01085cam a2200193 4500 | ||
|---|---|---|---|
| 001 | WB3747-07 | ||
| 008 | 011212n2001 000 0 eng u | ||
| 035 | _a(Sirsi) u115971 | ||
| 245 | _aHealth and Safety guidance revised | ||
| 260 | _c2001 | ||
| 490 |
_aHSC News Release _v6 December 2001, (2) |
||
| 520 | _aHealth and Safety Commission (HSC) has published a revised Approved Code of Practice (ACoP) and guidance on the Construction (Design and Management) Regulations 1994 (CDM). "Managing Health and Safety in Construction" comes into force on 1 February 2002. Although there are no changes to CDM, HSC decided to revise the ACoP following an earlier review which revealed many in the industry did not fully understand their legal responsibilities. Copies of "Managing Health and Safety in Construction" can be ordered online at: http://www.hsebooks.co.uk | ||
| 590 | _aWB | ||
| 650 | _aAPPROVED CODE OF PRACTICE | ||
| 650 | _aCONSTRUCTION (DESIGN AND MANAGEMENT) REGULATIONS 1994 | ||
| 650 | _aGUIDANCE | ||
| 690 | _aBUILT ENVIRONMENT-BUILDING STANDARDS | ||
| 942 | _n0 | ||
| 999 |
_c69089 _d69089 |
||